Augusta - Gracie Abrams - Statistics

General Stats
  • This quiz has been taken 51 times
  • The average score is 98 of 113
Answer Stats
Hint Answer % Correct
a
100%
I
100%
Chorus I'm
100%
i'm
100%
my
100%
when
100%
me
95%
the
95%
to
95%
and
91%
boston
91%
Verse 1 Feel
91%
feel
91%
go
91%
in
91%
i've
91%
like
91%
lost
91%
might
91%
wanted
91%
about
86%
cut
86%
hair
86%
leaves
86%
maybe
86%
over
86%
that
86%
way
86%
closure
82%
girl
82%
guy
82%
Verse 2 Heard
82%
how
82%
makes
82%
mid
82%
october
82%
older
82%
poem
82%
still
82%
wasn't
82%
body
77%
california
77%
could
77%
don't
77%
know
77%
relate
77%
think
77%
wallet
77%
bury
73%
fall
73%
forget
73%
hard
73%
hurt
73%
learned
73%
lot
73%
change
68%
exhausted
68%
story
68%
talk
68%
through
68%
Verse 3 Tough
68%
number
64%
you're
64%
zombie
64%
around
59%
'til
59%
walking
59%
No matching quizzes found
Score Distribution
Percent of People with Each Score
Percentile by Number Answered
Your Score History
You have not taken this quiz